Basketteurs en A (2000-2025) - Statistiques

Statistiques générales
  • Ce quiz a été pris 114 fois
    35 depuis la dernière actualisation
  • Le résultat moyen est 13 sur 26
Statistiques - réponses
Par images Réponse % Correct
Bam Adebayo
97%
Giannis Antetokounmpo
97%
Carmelo Anthony
94%
Cole Anthony
94%
Steven Adams
94%
Ray Allen
88%
Tony Allen
88%
Deandre Ayton
79%
Deni Avdija
70%
LaMarcus Aldridge
70%
OG Anunoby
70%
Kyle Anderson
58%
José Alvarado
52%
Nickeil Alexander-Walker
45%
Gilbert Arenas
42%
Santi Aldama
33%
Ron Artest
30%
Trevor Ariza
30%
DJ Augustin
24%
Chris Andersen
21%
Quincy Acy
21%
Precious Achiuwa
18%
Arron Afflalo
9%
Ochai Agbaji
9%
Darrell Armstrong
3%
Shareef Abdur-Rahim
3%
Aucun quiz correspondant
Distribution des résultats
% des personnes avec chaque résultat
Percentile par nombre de réponses
Votre historique - résultats
Vous n’avez pas pris ce quiz depuis la dernière actualisation